00000000nam##2200000za#4500
0019.638174
003CaOODSP
00520210624221545
007cr |||||||||||
008150407|1999||||xxc|||||o    f|0| 0 fre|d
040 |aCaOODSP|bfre
043 |an-cn---
0861 |aC105-1/1-1999F-PDF
1101 |aCanada.|bIndustrie Canada. |bCentre de recherches sur les communications.
24510|aPlan d'affaires du CRC pour l'exercice financier 1999-2000 |h[ressource électronique]
260 |bIndustrie Canada. |cc1999.
300 |a24p.|btableau
500 |aLe n° de catalogue (C105-1/1-1999) et l'ISBN (0-662-64337-2) de l'édition imprimée bilingue ont été incorrectement copiés dans cette édition électronique.
590 |a12-25-Supp|b2012-06-04
69107|aRecherche et développement|2gcpds
69107|aTélécommunications|2gcpds
77508|tCRC business plan 1999-2000 |w(CaOODSP)9.693990
7760#|tCRC business plan 1999-2000 |w(CaOODSP)9.661119
7760#|tPlan d'affaires du CRC, 1999-2000 |w(CaOODSP)9.661120
85640|ahttp://publications.gc.ca|qPDF|s162 Ko|uhttps://publications.gc.ca/collections/Collection/C105-1-1-1999F.pdf